000 00378pam a2200157a 44500
008 230515b1986 xxu||||| |||| 00| 0 eng d
020 _aNULL
041 _aENGLISH
082 _aN.D.
100 _aJiri Vlack Kishore Singhal
245 _aComputer Methods For Circuts Analysis & Design
250 _a0
260 _aNULL
_bCBS Pub.
_c1986
300 _a594
650 _aNULL
999 _c576711
_d576711